Veľká finančná revolúcia v starej dobrej Európe
Niektoré aspekty využiteľnosti EVA v európskych podmienkach. Vplyv zavedenia Euro na použitie metódy EVA. Súvis metódy EVA s hodnotovo založeným riadením podniku (MFV). Motivačný systém odmeňovania na báze EVA.
Salvato in:
| Autore principale: | |
|---|---|
| Natura: | Capitolo di libro |
| Lingua: | slovacco |
| Soggetti: | |
| Tags: |
Nessun Tag, puoi essere il primo ad aggiungerne!!
|
MARC
| LEADER | 00000naa a2200000 4500 | ||
|---|---|---|---|
| 001 | r041641 | ||
| 005 | 20231002115408.2 | ||
| 041 | 0 | |a slo | |
| 044 | |a SK | ||
| 245 | 1 | 0 | |a Veľká finančná revolúcia v starej dobrej Európe |c Peter Daniel |
| 520 | |a Niektoré aspekty využiteľnosti EVA v európskych podmienkach. Vplyv zavedenia Euro na použitie metódy EVA. Súvis metódy EVA s hodnotovo založeným riadením podniku (MFV). Motivačný systém odmeňovania na báze EVA. | ||
| 610 | 2 | 0 | |a hospodárenie finančné |
| 610 | 2 | 0 | |a hospodárenie podnikové |
| 610 | 2 | 0 | |a Európa |
| 610 | 2 | 0 | |a história |
| 610 | 2 | 0 | |a hodnota pridaná ekonomická |
| 610 | 2 | 0 | |a trh kapitálový |
| 610 | 2 | 0 | |a EVA |
| 100 | 1 | |a Daniel, Peter | |